000 00304nam a2200109Ia 4500
008 230320s9999||||xx |||||||||||||| ||spa||
082 _a370.151/C77
100 _aCoronas, Rita ; Cucala, Elisa
245 0 _aPsicología Evolutiva Y De La Educación : Teoría Y Práctica
260 _bPPU
942 _80
_cLIB
999 _c47147
_d47147